Pleito en contra del Marqués del Valle por las tierras baldías que han dejado los indios en este lugar

Detalles Bibliográficos
Otros Autores: Marqués del Valle
Formato: Libro
Publicado: s.l., s.f.
Materias:
Colección:Banco de datos
Acervo:Biblioteca Palafoxiana. Colección de Manuscritos
Descripción Física:4 f. ; 31 x 21 cm.
Tema general:Civil
LEADER 00437nam a22001450004500
035 |a 1124 
245 1 0 |a Pleito en contra del Marqués del Valle por las tierras baldías que han dejado los indios en este lugar 
260 |a s.l., s.f. 
300 |a 4 f. ; 31 x 21 cm. 
650 1 0 |a Civil 
700 1 |a Marqués del Valle 
949 |a 19948/035 
942 |c PALAMANU 
943 |g Biblioteca Palafoxiana. Colección de Manuscritos 
999 |c 1069069  |d 1069069